000 00372nam a2200157Ia 4500
008 230711s9999||||xx |||||||||||||| ||und||
041 _aENG
082 _a624
_bHI-S
100 _aHibbeler, Russell C
245 0 _aStructural analysis
250 _a5th . . . . . . Ed.
260 _c2007
_aNew Delhi
_bPearson
300 _a618
650 _aCivil Engineering
942 _cBK
999 _c406
_d406